| 000 | 02197nam a22003011a 4500 | ||
|---|---|---|---|
| 001 | 000087399 | ||
| 005 | 20200120224953.0 | ||
| 008 | 130204s1985 ck gr|||| 000 f spa d | ||
| 020 | _a9789586655255 | ||
| 041 | 0 | _aspa | |
| 043 | _as-ck--- | ||
| 090 |
_aAN _bRULob |
||
| 100 | 1 |
_aRulfo, Juan, _d1918-1986. |
|
| 245 | 1 | 0 |
_aObra reunida / _cJuan Rulfo ; prólogo y cronología Jorge Ruffinelli ; diseño : Juan Fresán. |
| 250 | _a2a. ed. | ||
| 260 |
_aCaracas (Venezuela) : _bFundación Biblioteca Ayacucho, _c1985. |
||
| 300 | _a334 páginas. | ||
| 490 | 0 | _aMinisterio de Cultura, Plan Nacional de Lectura y Escritura Leer es mi Cuento, 2018" | |
| 520 | _a"Los tres libros que se incluyen en este volumen, El Llano en llamas, Pedro Páramo y El gallo de oro, son los únicos que publicó Juan Rulfo, y no hizo falta nada más para que se convirtiera en uno de los mayores escritores en lengua castellana. • Los diecisiete cuentos de El Llano en llamas funcionan como artefactos preciosos, pulidos en su prosa y parcos en su construcción, y sientan las bases para una nueva fundación de la literatura latinoamericana. • Pedro Páramo, "si no la mejor, si no la más larga, si no la más importante, sí la más bella de las novelas que se han escrito jamás en lengua castellana", según García Márquez, con ese pueblo lleno de susurros y sombras, donde solo se escuchan la memoria del pasado y sus alucinaciones como escenario, abjura del realismo mimético y genera una clara ruptura con la tradición novelística de América Latina. • Finalmente, El gallo de oro, su segunda novela, escrita entre 1956 y 1958, pero publicada recién en 1980, y que se utilizó previamente para producir la película homónima, es una novela breve y extraordinaria, en la que explora nuevos caminos y atmósferas." | ||
| 600 | 1 | 4 |
_aRulfo, Juan, _d1918-1986 _xCrítica e interpretación. |
| 600 | 1 | 4 |
_aRulfo, Juan, _d1918-1986 _xCronología. |
| 650 | 2 | 4 |
_aLiteratura mexicana _ySiglo XX _vColecciones de escritos. _2LEMB |
| 650 | 2 | 4 |
_aNovela mexicana _ySiglo XX. _2LEMB |
| 650 | 2 | 4 | _aCuentos mexicanos |
| 740 | 3 | _aEl llano en llamas. | |
| 740 | 0 | _aPedro Páramo. | |
| 740 | 3 | _aEl gallo de oro | |
| 999 |
_c11981 _d11981 |
||